Audit of the U.S. Department of Justice annual financial statements fiscal year 2018.

Bibliographic Details
Corporate Author: United States. Department of Justice. Office of the Inspector General (Author)
Format: Government Document eBook
Language:English
Published: Washington, DC : Office of the Inspector General, U.S. Department of Justice, 2018.
Series:Audit report (United States. Department of Justice. Audit Division) ; 19-02.
Subjects:
Online Access:https://purl.fdlp.gov/GPO/gpo146315

MARC

Tag First Indicator Second Indicator Subfields
LEADER 00000cam a2200000 i 4500
001 in00004347921
005 20211120110903.0
006 m o d f
007 cr |||||||||||
008 201020s2018 dcua o f000 0 eng c
035 |a (OCoLC)on1200847891 
042 |a pcc 
043 |a n-us--- 
040 |a GPO  |b eng  |e rda  |e pn  |c GPO  |d MvI 
049 |a WWW 
074 |a 0718-C-02 (online) 
086 0 |a J 37.15:19-02 
110 1 |a United States.  |b Department of Justice.  |b Office of the Inspector General,  |e author. 
245 1 0 |a Audit of the U.S. Department of Justice annual financial statements fiscal year 2018. 
246 3 |a Audit of the United States Department of Justice annual financial statements fiscal year 2018 
264 1 |a Washington, DC :  |b Office of the Inspector General, U.S. Department of Justice,  |c 2018. 
300 |a 1 online resource (ii, 118 pages) :  |b color illustrations. 
336 |a text  |b txt  |2 rdacontent 
337 |a computer  |b c  |2 rdamedia 
338 |a online resource  |b cr  |2 rdacarrier 
490 1 |a Audit Division ;  |v 19-02 
588 |a Description based on online resource; title from PDF title page (DOJ OIG web site, viewed on Oct. 20, 2020). 
500 |a "December 2018." 
610 1 0 |a United States.  |b Department of Justice  |x Auditing. 
650 0 |a Financial statements. 
830 0 |a Audit report (United States. Department of Justice. Audit Division) ;  |v 19-02. 
856 4 0 |u https://purl.fdlp.gov/GPO/gpo146315  |t 0 
999 f f |s 654da356-24a1-30a8-b223-8488a390e927  |i a0f72a09-276b-34e7-8788-d230028d2ddc  |t 0 
952 f f |a Texas A&M University  |b College Station  |c Electronic Resources  |d Available Online  |t 0  |e J 37.15:19-02  |h Superintendent of Documents classification 
998 f f |a J 37.15:19-02  |t 0  |l Available Online